000 01862nam a2200313 4500
001 0000100122
005 20250329165434.0
008 190730s2019 000 0 eng d
040 _aCO-CtgCURN
_bspa
_ccoctgcurn
041 0 _aspa
082 0 _aENF 2019
_bA465
100 1 _aAltamiranda Florez, Mayra Luz.
245 1 0 _aFactores psicosociales en profesionales de enfermería que influyen en el cuidado humanizado proporcionado a pacientes en el área de hospitalización de una institución de salud de tercer nivel :
_bCartagena 2019 /
_cMayra Luz Altamiranda Florez; Hellaynes Isabel de la Rosa Novoa; María Alejandra Meza Ramos; Juana Isabel Noriega Acosta; Asesora Zorayda Barrios Puerta.
260 _aCartagena de Indias :
_bCorporación Universitaria Rafael Núñez,
_c2019.
300 _a203 Hojas.
336 _2rdacontent
_atext
_btxt
337 _2rdacarrier
_asin mediacion
_bn
338 _2rdacarrier
_avolumen
_bnc
502 _aTrabajo de grado (Enfermeria). Corporacion Universitaria Rafael Nuñez. Facultad de Ciencias de la salud. Enfermeria, 2019.
520 _aEn el desarrollo de sus funciones los profesionales de Enfermería deben afrontar diversos riesgos, entre estos se hallan algunos de índole psicosocial. Dada su importancia, es necesario aportar información que permita entenderlos.
650 0 _aEnfermeria
_vTesis y disertaciones academicas.
700 1 _aNoriega Acosta, Juana Isabel.
700 1 _aRosa Novoa, Hellaynes Isabel de la.
700 1 _aMeza Ramos, Maria Alejandra.
700 1 _aBarrios Puerta, Zorayda,
_eAsesora.
856 7 _uhttps://unicurn.sharepoint.com/:b:/s/biblioteca/Eb3Qtx0ypcpCuD9q6FoyaPYBHL-FYNm2uSEX4OUVlK6-vA?e=uJhdQ7
_zClick aqui para ver el recurso en texto completo
942 _cTG
_hENF 2019
_iA465
999 _c4012
_d4012